000 03232cam a22012254i 4500
003 PE-LiUPU
005 20250813185338.0
008 140609s2013 br r 000 0 spa d
020 _a8561441461
020 _a9788561441463
035 _a(Sirsi) i9788561441463
040 _aPUCPR
_bspa
_cPUCPR
_dPE-LiUPU
_erda
050 4 _aHB 3722
_bG88
082 0 4 _a330.9
_bG86
_220
100 1 _aGuerra, Luiz,
_eautor.
245 1 0 _aCrisis financiera global :
_bcrisis económica internacional: crisis de las economías y empresas: legislación & casuística: EEUU, Brasil, España, Perú /
_cLuiz Guerra & Esteban Carbonell O'Brien.
264 1 _aBrasilia :
_bGuerra,
_c2013.
300 _a308 páginas ;
_c24 centímetros.
336 _atext
_2rdacontent
337 _aunmediated
_2rdamedia
338 _avolume
_2rdacarrier
505 0 _aLa crisis en general y la crisis global -- Derecho concursal en el mundo y desarrollo de los sistemas concursales -- Observaciones y comentarioso sobre la crisis reflexiones.
526 _aP202
526 _aP201
526 _aP163
526 _aP162
526 _aP161
526 _aP160
526 _aP148
526 _aP147
526 _aP146
526 _aP145
526 _aP144
526 _aP143
526 _aP142
526 _aP141
526 _aP140
526 _aP139
526 _aP138
526 _aP137
526 _aP136
526 _aP135
526 _aP134
526 _aP133
526 _aP129
526 _aP128
526 _aP127
526 _aP120
526 _aP119
526 _aP118
526 _aP116
526 _aP115
526 _aP114
526 _aP110
526 _aP109
526 _aP108
526 _aP104
526 _aP103
526 _aP102
526 _aP99
526 _aP98
526 _aP97
526 _aP96
526 _aP95
526 _aP93
526 _aP90
526 _aP89
526 _aP88
526 _aP83
526 _aP82
526 _aP62
526 _aP59
526 _aP58
526 _aP57
526 _aP51
526 _aP49
526 _aP48
526 _aP47
526 _aP29
526 _aP24
526 _aP20
526 _aP19
526 _aP17
526 _aP15
526 _aP14
526 _aP12
526 _aP10
526 _aP09
526 _aP08
526 _aP07
526 _aP06
526 _aP05
526 _aP04
526 _aP01
650 1 4 _aCrisis financiera global
_y2011.
650 2 4 _aCrisis económica.
700 1 _aCarbonell O'Brien, Esteban,
_eautor.
_92674
910 _ajck
_bebj
_cebj
_d20161004
942 _2ddc
_cBOOK
949 _a330.9 G86
_wDEWEY
_c1
_i74678
_d2016-10-25
_e2016-10-25
_lCCODEBUL1
_mBUL
_n1
_p10.00
_r0
_sY
_tBOOK
_u2004-10-26
_xFCE
_PP04
_0COMPRA
_o.STAFF. Colección Ciencias Empresariales
994 _aC0
_bPEPRU
596 _a1
999 _a330.9 G86
_wDEWEY
_c12816
_i74678
_d12816
_e2017-11-3
_f2021-11-5
_g6
_lCCODEBUL1
_mBUL
_n4
_p10.00
_q1
_r0
_sY
_tBOOK
_u2004-10-26
_xFCE
_zP04
_0DONACION
_o.STAFF. Colección Ciencias Empresariales
980 _81
_gALBERTO SANCHEZ Responsable de Automatización